[Event "Khanty-Mansiysk Governor Cup 17th"]
[Site "Khanty-Mansiysk"]
[Date "2021.11.14"]
[Round "4"]
[White "Karmanova, Olga Dm"]
[Black "Matsagov, Magomed"]
[Result "1-0"]
[WhiteElo "2001"]
[BlackElo "1232"]
[PlyCount "95"]
[EventDate "2021.11.11"]
[EventType "swiss"]
[EventRounds "9"]
[EventCountry "RUS"]
[SourceTitle "CBM 205 Extra"]
[Source "ChessBase"]
[SourceDate "2022.01.31"]
[SourceVersion "1"]
[SourceVersionDate "2022.01.31"]
[SourceQuality "1"]

1. d4 d5 2. c4 e6 3. Nf3 Nf6 4. g3 Nbd7 5. Bg2 b6 6. 0-0 Bb7 7. cxd5 Bxd5 8. Nc3 Bb7 9. Qc2 c6 10. e4 Rc8 11. Rd1 Bb4 12. Bf4 Bxc3 13. bxc3 0-0 14. c4 Qe7 15. e5 Nh5 16. Bg5 f6 17. exf6 gxf6 18. Bh6 Ng7 19. Nh4 Rfe8 20. Re1 Qf7 21. Re2 Nf8 22. Rd1 Ng6 23. Nxg6 Qxg6 24. Qc1 Rcd8 25. Bf4 Qf7 26. Red2 Rd7 27. Qa3 Ba8 28. c5 b5 29. Be4 Red8 30. Qf3 Rc8 31. g4 h5 32. h3 hxg4 33. hxg4 f5 34. Bc2 Qg6 35. Be5 Kf7 36. Re1 Qxg4+ 37. Qxg4 fxg4 38. Re4 Nf5 39. Rxg4 Rg8 40. Rxg8 Kxg8 41. f4 Rf7 42. Rg2+ Kf8 43. Bb3 Re7 44. Rg6 Kf7 45. Rf6+ Ke8 46. Bxe6 Ng7 47. Bb3 Kd7 48. Bd6 1-0

[Event "EU-ch U10"]
[Site "Bratislava"]
[Date "2019.08.09"]
[Round "8"]
[White "Matsagov, Magomed"]
[Black "Durovka, Marek"]
[Result "1/2-1/2"]
[WhiteElo "1263"]
[BlackElo "1596"]
[PlyCount "111"]
[EventDate "2019.08.02"]
[EventType "swiss"]
[EventRounds "9"]
[EventCountry "SVK"]
[SourceTitle "EXT 2020"]
[Source "ChessBase"]
[SourceDate "2019.10.17"]
[SourceVersion "1"]
[SourceVersionDate "2019.10.17"]
[SourceQuality "1"]

1. d4 d5 2. c4 c6 3. cxd5 cxd5 4. Nf3 Nc6 5. Nc3 Bg4 6. Bf4 Nf6 7. e3 e6 8. Be2 Bb4 9. 0-0 0-0 10. a3 Bd6 11. Bxd6 Qxd6 12. b4 a6 13. Na4 Ne4 14. Nd2 Nxd2 15. Qxd2 Bf5 16. Bd3 Bxd3 17. Qxd3 Na7 18. Rac1 Nb5 19. Rc2 Rac8 20. Rfc1 Rxc2 21. Rxc2 f6 22. Nc5 Qe7 23. a4 Nd6 24. Qb3 Nc4 25. Nd3 b6 26. Nb2 b5 27. a5 Rc8 28. Qd3 Qxb4 29. Qc3 Qxc3 30. Rxc3 Nd6 31. Rxc8+ Nxc8 32. Nd3 Kf7 33. Nc5 b4 34. Kf1 Nb6 35. Ke2 Nc4 36. Nxa6 b3 37. Kd3 Nxa5 38. Kc3 Kg6 39. Nc5 Kf5 40. Nxb3 Nxb3 41. Kxb3 Ke4 42. Kc3 e5 43. dxe5 fxe5 44. Kd2 d4 45. f3+ Kd5 46. Kd3 g5 47. g3 h5 48. f4 e4+ 49. Kd2 g4 50. exd4 Kxd4 51. Ke2 e3 52. Ke1 Kd5 53. Kd1 Kd4 54. Ke1 Kd5 55. Kd1 Ke4 56. Ke2 1/2-1/2